JUDICAL ACTIVISM IN INDIA (Record no. 195813)

MARC details
000 -LEADER
fixed length control field 00352nam a2200157Ia 4500
008 - FIXED-LENGTH DATA ELEMENTS--GENERAL INFORMATION
fixed length control field 220923s9999 xx 000 0 und d
020 ## - INTERNATIONAL STANDARD BOOK NUMBER
International Standard Book Number 9788189804466
082 ## - DEWEY DECIMAL CLASSIFICATION NUMBER
Item number RED
100 ## - MAIN ENTRY--PERSONAL NAME
Personal name REDDY, G.B.
245 #0 - TITLE STATEMENT
Title JUDICAL ACTIVISM IN INDIA
250 ## - EDITION STATEMENT
Edition statement 2ND
260 ## - PUBLICATION, DISTRIBUTION, ETC.
Date of publication, distribution, etc. 2013
300 ## - PHYSICAL DESCRIPTION
Extent 632
650 ## - SUBJECT ADDED ENTRY--TOPICAL TERM
Topical term or geographic name entry element Judical Activism In India
942 ## - ADDED ENTRY ELEMENTS (KOHA)
Koha item type Book
Holdings
Withdrawn status Lost status Damaged status Not for loan Home library Current library Shelving location Date acquired Cost, normal purchase price Total Checkouts Barcode Date last seen Price effective from Koha item type
        Mewar University Central Library Mewar University Central Library Law 15/05/2017 595.00   L4375 23/09/2022 15/05/2017 Book